|
|
|
|
| LEADER |
01625nam a2200265 a 4500 |
| 001 |
0020418 |
| 003 |
BD-DhAAL |
| 008 |
100609s1989 mnua b 001 0 eng d |
| 010 |
|
|
|a \\\88028645
|
| 020 |
|
|
|a 0314470115
|
| 040 |
|
|
|a DLC
|c DLC
|d DLC
|d BD-DhAAL
|
| 082 |
0 |
0 |
|a 621.31042
|2 19
|
| 100 |
1 |
|
|a Zorbas, Dino.
|9 58967
|
| 245 |
1 |
0 |
|a Electric machines :
|b principles, applications, and control schematics /
|c Dino Zorbas.
|
| 260 |
|
|
|a St. Paul :
|b West Pub. Co.,
|c c1989.
|
| 300 |
|
|
|a xvi, 669 p. :
|b ill. ;
|c 25 cm
|
| 504 |
|
|
|a Includes bibliographical references.
|
| 526 |
|
|
|a EEE
|x Md Sayeed Salam
Department of Electrical and Electronic Engineering
BRAC University
Course Name : Energy Conversion II (EEE 223)
|
| 541 |
1 |
|
|e 0020418, 0020419
|a Trim Education
|
| 650 |
|
0 |
|a Electric machinery.
|
| 852 |
4 |
|
|a Ayesha Abed Library
|c General Stacks
|
| 942 |
0 |
0 |
|0 3
|2 ddc
|c BK
|
| 999 |
|
|
|c 8881
|d 8881
|
| 952 |
|
|
|0 0
|1 0
|2 ddc
|4 0
|6 621_310420000000000_ZOR_1989
|7 0
|9 10838
|a BRACUL
|b BRACUL
|c GEN
|d 2010-06-10
|e Trim Education
|g 12475.00
|l 7
|m 20
|o 621.31042 ZOR
|p 3010020418
|r 2019-12-19
|s 2019-11-24
|t 1
|v 24950.00
|w 2010-06-10
|y BK
|x Requisitioned by Md Sayeed Salam (Department of Electrical and Electronic Engineering, BRAC University) for the course named- "Energy Conversion II (EEE 223)"
|
| 952 |
|
|
|0 0
|1 0
|2 ddc
|4 0
|6 621_310420000000000_ZOR_1989
|7 0
|9 10839
|a BRACUL
|b BRACUL
|c GEN
|d 2010-06-10
|e Trim Education
|g 12475.00
|l 4
|m 35
|o 621.31042 ZOR
|p 3010020419
|r 2024-06-02
|s 2024-01-30
|t 2
|v 24950.00
|w 2010-06-10
|y BK
|x Requisitioned by Md Sayeed Salam (Department of Electrical and Electronic Engineering, BRAC University) for the course named- "Energy Conversion II (EEE 223)"
|